Criminal - Fiona Apple (All Lyrics) - Statistics

General Stats
  • This quiz has been taken 126 times
  • The average score is 277 of 331
Answer Stats
Lyrics % Correct
a
100%
an
100%
And
100%
and
100%
I
100%
be
99%
need
99%
to
99%
To
99%
girl
98%
I've
98%
bad,
96%
because
96%
Because
96%
been
96%
it
96%
the
96%
go
95%
good
95%
can
94%
criminal
94%
is
94%
like
94%
man
94%
with
94%
feeling
93%
I'm
93%
'cause
91%
'Cause
91%
Don't
91%
don't
91%
just
91%
love
91%
me
91%
one
91%
all
90%
careless
90%
it's
90%
know
90%
she
90%
When
90%
world
90%
you
90%
delicate
89%
sad,
89%
defense
88%
what
88%
What
88%
against
86%
boy
86%
for
86%
my
86%
ever
85%
redeemed
85%
sinned
85%
break
84%
tell
84%
deny
83%
of
83%
knew
80%
done
79%
he's
79%
where
79%
will
79%
come
76%
Oh,
76%
begin
75%
want
73%
sins
71%
suffer
71%
wrong
71%
got
70%
true
70%
way
70%
guidance
68%
get
66%
help
66%
But
65%
but
65%
so
65%
So
65%
am
64%
before
61%
Before
61%
them
60%
at
59%
never
59%
him
58%
these
58%
from
56%
evil
54%
Let
54%
let
54%
tomorrow
54%
Heaven
53%
deeds
51%
this
51%
brings
50%
consequence
50%
day
50%
enough
50%
hand
50%
make
50%
myself
50%
next
50%
Save
50%
keep
49%
cleanse
48%
begging
46%
living
46%
would
46%
devil
44%
say
44%
angel
43%
bettin'
41%
lose
41%
lot
41%
wants
41%
lover
40%
ends
39%
there's
39%
pay
38%
stay
38%
hell
36%
lies
35%
Ooh,
35%
play
35%
high
31%
'til
29%
Give
26%
law
24%
lay
21%
room
21%
No matching quizzes found
Score Distribution
Percent of People with Each Score
Percentile by Number Answered
Your Score History
You have not taken this quiz